Corporate Social Responsibility in the Construction Industry / (Record no. 13569)
[ view plain ]
| 000 -LEADER | |
|---|---|
| fixed length control field | 02027cam a2200373 a 4500 |
| 001 - CONTROL NUMBER | |
| control field | 15167518 |
| 005 - DATE AND TIME OF LATEST TRANSACTION | |
| control field | 20100223175752.0 |
| 008 - FIXED-LENGTH DATA ELEMENTS--GENERAL INFORMATION | |
| fixed length control field | 080205s2009 enk a |rb 001 0 eng |
| 010 ## - LIBRARY OF CONGRESS CONTROL NUMBER | |
| LC control number | 2008003867 |
| 015 ## - NATIONAL BIBLIOGRAPHY NUMBER | |
| National bibliography number | GBA855122 |
| Source | bnb |
| 016 7# - NATIONAL BIBLIOGRAPHIC AGENCY CONTROL NUMBER | |
| Record control number | 014584697 |
| Source | Uk |
| 020 ## - INTERNATIONAL STANDARD BOOK NUMBER | |
| International Standard Book Number | 9780415362085 (pbk.) |
| 035 ## - SYSTEM CONTROL NUMBER | |
| System control number | (OCoLC)ocn181420958 |
| 040 ## - CATALOGING SOURCE | |
| Original cataloging agency | DLC |
| Transcribing agency | DLC |
| Modifying agency | YDX |
| -- | YDXCP |
| -- | BTCTA |
| -- | BAKER |
| -- | UKM |
| -- | BWK |
| -- | BWX |
| -- | CDX |
| -- | DLC |
| 050 00 - LIBRARY OF CONGRESS CALL NUMBER | |
| Classification number | HD9715.A2 |
| Item number | M87 2009 |
| 082 00 - DEWEY DECIMAL CLASSIFICATION NUMBER | |
| Classification number | 624.0684 |
| Edition number | 22 |
| Item number | CON |
| 245 00 - TITLE STATEMENT | |
| Title | Corporate Social Responsibility in the Construction Industry / |
| Statement of responsibility, etc | Edited by Michael Murray and Andrew Dainty. |
| 260 ## - PUBLICATION, DISTRIBUTION, ETC. (IMPRINT) | |
| Place of publication, distribution, etc | London ; |
| -- | New York : |
| Name of publisher, distributor, etc | Taylor & Francis, 2009 |
| Date of publication, distribution, etc | 2009. |
| 300 ## - PHYSICAL DESCRIPTION | |
| Extent | xvii, 410 p. : |
| Other physical details | ill. ; |
| Dimensions | 24 cm. |
| 504 ## - BIBLIOGRAPHY, ETC. NOTE | |
| Bibliography, etc | Includes bibliographical references and index. |
| 650 #0 - SUBJECT ADDED ENTRY--TOPICAL TERM | |
| Topical term or geographic name as entry element | Construction industry |
| General subdivision | Management. |
| 9 (RLIN) | 12173 |
| 650 #0 - SUBJECT ADDED ENTRY--TOPICAL TERM | |
| Topical term or geographic name as entry element | Construction industry |
| General subdivision | Moral and ethical aspects. |
| 9 (RLIN) | 12174 |
| 650 #0 - SUBJECT ADDED ENTRY--TOPICAL TERM | |
| Topical term or geographic name as entry element | Corporate social responsibility |
| Form subdivision | Cross-cultural studies. |
| 9 (RLIN) | 12175 |
| 650 #0 - SUBJECT ADDED ENTRY--TOPICAL TERM | |
| Topical term or geographic name as entry element | Business ethics |
| Form subdivision | Cross-cultural studies. |
| 9 (RLIN) | 12176 |
| 650 #0 - SUBJECT ADDED ENTRY--TOPICAL TERM | |
| Topical term or geographic name as entry element | Construction industry |
| Form subdivision | Cross-cultural studies. |
| 9 (RLIN) | 12177 |
| 700 1# - ADDED ENTRY--PERSONAL NAME | |
| Personal name | Murray, Mike, |
| Dates associated with a name | 1964- |
| 9 (RLIN) | 12178 |
| 700 1# - ADDED ENTRY--PERSONAL NAME | |
| Personal name | Dainty, Andrew. |
| 9 (RLIN) | 12179 |
| 856 41 - ELECTRONIC LOCATION AND ACCESS | |
| Materials specified | Table of contents only |
| Uniform Resource Identifier | <a href="http://www.loc.gov/catdir/toc/ecip0810/2008003867.html">http://www.loc.gov/catdir/toc/ecip0810/2008003867.html</a> |
| 942 ## - ADDED ENTRY ELEMENTS (KOHA) | |
| Source of classification or shelving scheme | Dewey Decimal Classification |
| Item type | Book - Borrowing |
| Withdrawn status | Item status | Source of classification or shelving scheme | Damaged status | Not for loan | Vendor | Home library | Current library | Shelving location | Date acquired | Source of acquisition | Total Checkouts | Total Renewals | Full call number | Barcode | Date last seen | Date last borrowed | Koha item type |
|---|---|---|---|---|---|---|---|---|---|---|---|---|---|---|---|---|---|
| Dewey Decimal Classification | Baccah | Central Library | Central Library | First floor | 03/03/2010 | 3 | 40 | 624.0684 CON | 000019529 | 15/07/2025 | 12/05/2015 | Book - Borrowing | |||||
| Dewey Decimal Classification | Baccah | Central Library | Central Library | First floor | 03/03/2010 | 2 | 624.0684 CON | 000019530 | 15/07/2025 | 01/12/2014 | Book - Borrowing | ||||||
| Dewey Decimal Classification | Baccah | Central Library | Central Library | First floor | 03/03/2010 | 624.0684 CON | 000019540 | 15/07/2025 | NB - Book (Non borrowing) |